000 00482nam a22001577a 4500
999 _c5450
_d5448
005 20210908165432.0
008 170512b xxu||||| |||| 00| 0 eng d
020 _a978-81-922746-5-2
041 _aeng
100 _aPENKAR, DR DANIEL
_93854
245 _aRURAL DEVELOPMENT:TRENDS, OPPORTUNITIES AND CHALLENGES IN 21ST CENTURE
_cDR, DANIEL PENKAR AND DR , HANSRAJ THORAT
250 _a1ST, 2016
260 _aPUNE
_bS.B.PATIL INSTITUTE OF MANAGEMENT
300 _a10.44
942 _cBK